[Event "XVII M.F.Sz.Dobczyce Gr.A"]
[Site "Dobczyce"]
[Date "2009.07.20"]
[Round "3.12"]
[White "Sowinski, Lukasz"]
[Black "Grochowski, Mariusz"]
[Result "1-0"]
[WhiteElo "1886"]
[BlackElo "1968"]
[PlyCount "55"]
[EventDate "2009.??.??"]

1. e4 e6 2. d4 d5 3. e5 c5 4. c3 Nc6 5. Nf3 cxd4 6. cxd4 Bb4+ 7. Bd2 Bxd2+ 8.
Nbxd2 Nge7 9. Bd3 O-O 10. O-O Nf5 11. Bxf5 exf5 12. Re1 Be6 13. Nf1 f4 14. h4
Bg4 15. N1h2 h5 16. Qd2 f6 17. exf6 Qxf6 18. Rad1 Rac8 19. a3 Ne7 20. Nxg4 hxg4
21. Ng5 Rc6 22. Qd3 g6 23. Qe2 Nf5 24. Qxg4 Nxd4 25. Qd7 Rfc8 26. Rxd4 R6c7 27.
Qxd5+ Kh8 28. Rde4 1-0

[Event "XVII M.F.Sz.Dobczyce Gr.A"]
[Site "Dobczyce"]
[Date "2009.07.21"]
[Round "4.1"]
[White "Watorek, Marcin"]
[Black "Kuziola, Mateusz"]
[Result "1/2-1/2"]
[WhiteElo "2115"]
[BlackElo "2327"]
[PlyCount "109"]
[EventDate "2009.??.??"]

1. d4 f5 2. c4 Nf6 3. g3 g6 4. Bg2 Bg7 5. Nf3 O-O 6. Nc3 d6 7. d5 Na6 8. O-O
Qe8 9. Rb1 Bd7 10. b4 c6 11. dxc6 bxc6 12. b5 Nc5 13. Nd4 Nce4 14. Nxe4 Nxe4
15. Bb2 cxb5 16. Nxb5 Bxb2 17. Rxb2 Qf7 18. Qd4 Rac8 19. Qxa7 Be6 20. Nc7 Bxc4
21. a4 e6 22. Nb5 Qxa7 23. Nxa7 Ra8 24. Bxe4 Rxa7 25. Bc6 Rc8 26. Bb5 Rb8 27.
Rfb1 Rab7 28. Kf1 Kf8 29. Ke1 d5 30. Kd2 Ke7 31. Kc3 Rc7 32. Bxc4 Rxc4+ 33. Kd3
Rxb2 34. Rxb2 Rxa4 35. Rb7+ Kf6 36. Rxh7 e5 37. Rd7 d4 38. Rd6+ Kf7 39. h4 Ra3+
40. Kd2 Ra2+ 41. Kd3 Ra3+ 42. Kd2 Ra2+ 43. Kd3 e4+ 44. Kxd4 Rxe2 45. Ke5 Rxf2
46. Rd7+ Ke8 47. Ra7 Rf3 48. g4 e3 49. Ra1 f4 50. Ke6 Kd8 51. Kd6 Kc8 52. Kc6
Kb8 53. Rb1+ Kc8 54. Ra1 Kd8 55. Kd6 1/2-1/2

[Event "XVII M.F.Sz.Dobczyce Gr.A"]
[Site "Dobczyce"]
[Date "2009.07.21"]
[Round "4.2"]
[White "Lach, Piotr"]
[Black "Duda, Jan-Krzysztof"]
[Result "1/2-1/2"]
[WhiteElo "2148"]
[BlackElo "2086"]
[PlyCount "112"]
[EventDate "2009.??.??"]

1. d4 Nf6 2. Nc3 d5 3. Bg5 c6 4. Qd2 Bf5 5. f3 Nbd7 6. g4 Bg6 7. Bf4 Nb6 8. e3
e6 9. h4 h5 10. g5 Nfd7 11. Nh3 f6 12. Bd3 Bf7 13. Qh2 Qe7 14. O-O e5 15. Bg3
O-O-O 16. f4 e4 17. Be2 f5 18. a4 Nc4 19. Bxc4 dxc4 20. a5 g6 21. Rfd1 Bg7 22.
Qe2 Nb8 23. Na4 Na6 24. Be1 Kb8 25. Kg2 Qc7 26. Bc3 Rd5 27. Qxc4 Rxd4 28. Qxd4
Bxd4 29. Bxd4 Qc8 30. Be5+ Ka8 31. Bxh8 Qxh8 32. Rd7 Qe8 33. Rad1 Bd5 34. Rg7
Kb8 35. b3 Kc8 36. c4 Bf7 37. Rh7 Qg8 38. Rh6 Kc7 39. Nf2 Qg7 40. Rd4 b6 41.
axb6+ axb6 42. Nd1 Nb8 43. b4 Nd7 44. c5 b5 45. Nac3 Nf6 46. gxf6 Qxh6 47. Nf2
Qh8 48. Rd6 Qa8 49. Ne2 Qa3 50. Nd4 Qxe3 51. Rxc6+ Kb7 52. Rb6+ Ka8 53. Ra6+
Kb7 54. Rb6+ Ka8 55. Ra6+ Kb7 56. Rb6+ Ka8 1/2-1/2

[Event "XVII M.F.Sz.Dobczyce Gr.A"]
[Site "Dobczyce"]
[Date "2009.07.21"]
[Round "4.3"]
[White "Stachanczyk, Jacek"]
[Black "Guzik, Jolanta"]
[Result "1/2-1/2"]
[WhiteElo "2205"]
[BlackElo "2113"]
[PlyCount "47"]
[EventDate "2009.??.??"]

1. e4 e5 2. Nf3 Nc6 3. Bb5 Nge7 4. Nc3 g6 5. d4 exd4 6. Nd5 Bg7 7. Bg5 h6 8.
Bf6 Bxf6 9. Nxf6+ Kf8 10. Nxd4 Nf5 11. exf5 Qxf6 12. Bxc6 dxc6 13. fxg6 Kg7 14.
Qf3 Re8+ 15. Kf1 Qxf3 16. Nxf3 fxg6 17. Rd1 Bg4 18. Rd3 Rad8 19. Rxd8 Rxd8 20.
Ke2 Re8+ 21. Kd2 Bxf3 22. gxf3 Kf6 23. Rg1 h5 24. h4 1/2-1/2

[Event "XVII M.F.Sz.Dobczyce Gr.A"]
[Site "Dobczyce"]
[Date "2009.07.21"]
[Round "4.4"]
[White "Sleczka, Bartosz"]
[Black "Grabarczyk, Bogdan"]
[Result "0-1"]
[WhiteElo "1835"]
[BlackElo "2445"]
[PlyCount "72"]
[EventDate "2009.??.??"]

1. e4 c5 2. Nf3 e6 3. d4 cxd4 4. Nxd4 a6 5. c4 Nf6 6. Nc3 Qc7 7. Bd3 d6 8. O-O
Nbd7 9. Be3 b6 10. Rc1 Bb7 11. Re1 Be7 12. b3 O-O 13. h3 Nc5 14. Qc2 Rac8 15.
f4 Qb8 16. Bf2 Nh5 17. g3 Bf6 18. Kh2 Nxd3 19. Qxd3 Be7 20. Qf3 Nf6 21. f5 b5
22. cxb5 axb5 23. Ndxb5 d5 24. exd5 Nxd5 25. Nxd5 Bxd5 26. Qd3 Rcd8 27. Bd4 Bb4
28. Nc3 Ba8 29. fxe6 fxe6 30. Qe3 Rf3 31. Qxe6+ Kh8 32. Qe5 Qxe5 33. Bxe5 Rf2+
34. Kg1 Rg2+ 35. Kf1 Rf8+ 36. Bf4 Rxg3 0-1

[Event "XVII M.F.Sz.Dobczyce Gr.A"]
[Site "Dobczyce"]
[Date "2009.07.21"]
[Round "4.7"]
[White "Lach, Aleksandra"]
[Black "Skwarnicki, Adam"]
[Result "1-0"]
[WhiteElo "2069"]
[BlackElo "2020"]
[PlyCount "65"]
[EventDate "2009.??.??"]

1. e4 e6 2. d4 d5 3. Nd2 Nf6 4. e5 Nfd7 5. c3 c5 6. f4 Nc6 7. Ndf3 f6 8. Ne2
Qb6 9. a3 g5 10. exf6 g4 11. f7+ Ke7 12. Ne5 Nf6 13. dxc5 Qxc5 14. Nd4 Bg7 15.
Be3 Nxd4 16. Bxd4 Qc7 17. Be2 h5 18. Ng6+ Kxf7 19. Nxh8+ Bxh8 20. Qd3 Bd7 21.
Bxf6 Kxf6 22. O-O Rc8 23. Kh1 Bg7 24. Rae1 Qc5 25. Qg3 Rh8 26. Bd3 Kf7 27. f5
e5 28. f6 Bf8 29. Qxe5 h4 30. Qg5 Rh6 31. Re7+ Bxe7 32. fxe7+ Ke6 33. Qxh6+ 1-0

[Event "XVII M.F.Sz.Dobczyce Gr.A"]
[Site "Dobczyce"]
[Date "2009.07.21"]
[Round "4.8"]
[White "Bes, Michal"]
[Black "Klementys, Jerzy"]
[Result "1/2-1/2"]
[WhiteElo "1983"]
[BlackElo "1836"]
[PlyCount "120"]
[EventDate "2009.??.??"]

1. d4 Nf6 2. Bg5 d5 3. Bxf6 gxf6 4. e3 e5 5. c4 c6 6. Nc3 Be6 7. cxd5 cxd5 8.
Qb3 Qd7 9. Bb5 Nc6 10. Nge2 Rc8 11. Rc1 h5 12. O-O Rg8 13. Kh1 h4 14. f4 a6 15.
f5 Bxf5 16. Nxd5 Qe6 17. e4 Bxe4 18. Nxf6+ Qxf6 19. Rxf6 Bxg2+ 20. Kg1 Bd5+ 21.
Kf2 Bxb3 22. Bxc6+ Rxc6 23. Rfxc6 bxc6 24. axb3 exd4 25. Nxd4 c5 26. Nf5 Rg4
27. Rc4 Rg5 28. Nxh4 Rd5 29. Nf3 Kd7 30. Kg3 Bg7 31. Rc2 Kd6 32. Kg4 Rd3 33.
Nd2 Kd5 34. h4 Bh6 35. Nf3 Rxb3 36. Ng5 Rb7 37. Rf2 Bg7 38. Nxf7 Rxb2 39. Rf5+
Ke6 40. Ng5+ Kd6 41. Ne4+ Ke7 42. Rxc5 Rb4 43. Kf3 Rb3+ 44. Kg4 Rb4 45. Kf3
Rb3+ 46. Kf4 Bh6+ 47. Kg4 Rb4 48. Re5+ Kf7 49. Kh5 Bg7 50. Ng5+ Kf8 51. Rf5+
Kg8 52. Ra5 Rb6 53. Kg4 Rb4+ 54. Kg3 Rb3+ 55. Nf3 Rb6 56. Rg5 Kh7 57. Ng1 Rb5
58. Rg4 a5 59. Ne2 Rb4 60. Rxb4 axb4 1/2-1/2

[Event "XVII M.F.Sz.Dobczyce Gr.A"]
[Site "Dobczyce"]
[Date "2009.07.21"]
[Round "4.9"]
[White "Kudas, Damian"]
[Black "Gabrys, Sebastian"]
[Result "1-0"]
[WhiteElo "2047"]
[BlackElo "1877"]
[PlyCount "84"]
[EventDate "2009.??.??"]

1. d4 g6 2. Nf3 Bg7 3. c4 Nf6 4. Nc3 O-O 5. e4 d6 6. Be2 e5 7. O-O Nbd7 8. Be3
exd4 9. Nxd4 Nc5 10. f3 a5 11. Re1 h5 12. Ndb5 Bd7 13. e5 Ne8 14. exd6 Ne6 15.
dxc7 N8xc7 16. Nxc7 Qxc7 17. Qc2 Bc6 18. Rad1 Rad8 19. c5 Nd4 20. Qc1 Rfe8 21.
Bf4 Nxe2+ 22. Nxe2 Rxd1 23. Rxd1 Be5 24. Qc4 Qe7 25. Bxe5 Qxe5 26. Nd4 Qe3+ 27.
Kf1 Qf4 28. h3 Re5 29. Qc3 Re3 30. Qd2 g5 31. Kf2 Re5 32. Qxf4 gxf4 33. Nxc6
bxc6 34. Rc1 Rd5 35. Rc2 Kg7 36. a3 Rd4 37. g3 fxg3+ 38. Kxg3 h4+ 39. Kf2 Kf6
40. Ke3 Ke5 41. b3 Kd5 42. Rg2 Kxc5 1-0

[Event "XVII M.F.Sz.Dobczyce Gr.A"]
[Site "Dobczyce"]
[Date "2009.07.21"]
[Round "4.10"]
[White "Labus, Zbigniew"]
[Black "Siedlinski, Piotr"]
[Result "1/2-1/2"]
[WhiteElo "1943"]
[BlackElo "1922"]
[PlyCount "54"]
[EventDate "2009.??.??"]

1. c4 e6 2. Nf3 d5 3. d4 c6 4. e3 Nf6 5. Nc3 Nbd7 6. a3 Qc7 7. Bd3 Be7 8. Qc2
dxc4 9. Bxc4 e5 10. O-O O-O 11. h3 exd4 12. exd4 Nb6 13. Ba2 Bd6 14. Bg5 Nfd5
15. Rfe1 Be6 16. Ne4 Bf5 17. Nf6+ gxf6 18. Qxf5 fxg5 19. Nxg5 f6 20. Ne6 Qd7
21. Qg4+ Kh8 22. Nxf8 Qxg4 23. hxg4 Bxf8 24. Re6 Kg7 25. Rae1 Kf7 26. f4 h6 27.
g3 Re8 1/2-1/2

[Event "XVII M.F.Sz.Dobczyce Gr.A"]
[Site "Dobczyce"]
[Date "2009.07.21"]
[Round "4.12"]
[White "Zaboklicki, Zbigniew"]
[Black "Sowinski, Lukasz"]
[Result "1/2-1/2"]
[WhiteElo "1891"]
[BlackElo "1886"]
[PlyCount "81"]
[EventDate "2009.??.??"]

1. d4 d5 2. c4 e6 3. Nc3 Nf6 4. Bg5 Be7 5. e3 h6 6. Bh4 O-O 7. Nf3 Nbd7 8. Rc1
b6 9. cxd5 exd5 10. Bd3 Bb7 11. O-O Ne4 12. Bxe7 Qxe7 13. Qb3 Nxc3 14. Rxc3 c5
15. Qd1 cxd4 16. Rc7 Bc8 17. Nxd4 Qg5 18. f4 Qd8 19. Rc1 Nf6 20. Nc6 Qd6 21.
Ne5 Bb7 22. Bf5 Rad8 23. Qd4 Bc8 24. Rc6 Qe7 25. Bxc8 Rxc8 26. Rfc1 Rxc6 27.
Rxc6 Qb7 28. Rxf6 gxf6 29. Ng4 Rc8 30. Nxf6+ Kf8 31. Nxd5 Rc1+ 32. Kf2 Ke8 33.
Qe5+ Kd8 34. Qd6+ Qd7 35. Qf8+ Qe8 36. Qd6+ Kc8 37. Ne7+ Kb7 38. Qd5+ Ka6 39.
Qd3+ b5 40. Qd6+ Kb7 41. Qd5+ 1/2-1/2

[Event "XVII M.F.Sz.Dobczyce Gr.A"]
[Site "Dobczyce"]
[Date "2009.07.22"]
[Round "5.1"]
[White "Grabarczyk, Bogdan"]
[Black "Watorek, Marcin"]
[Result "1/2-1/2"]
[WhiteElo "2445"]
[BlackElo "2115"]
[PlyCount "80"]
[EventDate "2009.??.??"]

1. e4 c5 2. Nf3 d6 3. d4 cxd4 4. Nxd4 Nf6 5. Nc3 Nc6 6. g3 e6 7. Bg2 Be7 8. O-O
O-O 9. Nb3 a6 10. g4 Ne5 11. g5 Nfd7 12. f4 Nc4 13. Kh1 b5 14. Nd4 Bb7 15. b3
Ncb6 16. a3 Rc8 17. Bb2 Re8 18. Qh5 g6 19. Qh4 e5 20. Nf3 Bf8 21. fxe5 dxe5 22.
Ng1 Bg7 23. Rf3 h5 24. Raf1 Re7 25. Nge2 Nc5 26. Bc1 Qe8 27. Be3 a5 28. Rf6
Bxf6 29. gxf6 Re6 30. Ng3 Ncd7 31. Nd5 Nxd5 32. exd5 Rd6 33. c4 bxc4 34. bxc4
Qf8 35. Nxh5 Ba6 36. Rc1 Qd8 37. c5 Nxc5 38. Rxc5 Rxc5 39. Bxc5 Rxd5 40. Bg1
Rd1 1/2-1/2

[Event "XVII M.F.Sz.Dobczyce Gr.A"]
[Site "Dobczyce"]
[Date "2009.07.22"]
[Round "5.2"]
[White "Kuziola, Mateusz"]
[Black "Duda, Jan-Krzysztof"]
[Result "1-0"]
[WhiteElo "2327"]
[BlackElo "2086"]
[PlyCount "55"]
[EventDate "2009.??.??"]

1. f4 d5 2. Nf3 Nf6 3. g3 c5 4. Bg2 Nc6 5. O-O g6 6. d3 Bg7 7. Nc3 O-O 8. e4
dxe4 9. dxe4 Qxd1 10. Rxd1 Nb4 11. e5 Ng4 12. Ne1 Bf5 13. h3 Nh6 14. g4 Nxg4
15. hxg4 Bxg4 16. Rd2 f6 17. exf6 Bxf6 18. Nd5 Nxd5 19. Bxd5+ e6 20. Bf3 Bxf3
21. Nxf3 b6 22. c3 Rae8 23. Re2 Bg7 24. Bd2 e5 25. Rae1 Rd8 26. Nxe5 Bh6 27.
Rf2 g5 28. f5 1-0

[Event "XVII M.F.Sz.Dobczyce Gr.A"]
[Site "Dobczyce"]
[Date "2009.07.22"]
[Round "5.4"]
[White "Wypych, Dominik"]
[Black "Lach, Piotr"]
[Result "1/2-1/2"]
[WhiteElo "2063"]
[BlackElo "2148"]
[PlyCount "54"]
[EventDate "2009.??.??"]

1. d4 f5 2. g3 Nf6 3. Bg2 g6 4. c4 Bg7 5. Nf3 O-O 6. O-O d6 7. Nc3 e6 8. Qc2
Nc6 9. Rd1 Qe7 10. a3 e5 11. dxe5 Nxe5 12. Nxe5 dxe5 13. Nd5 Qf7 14. Bd2 c6 15.
Nxf6+ Bxf6 16. e3 Be6 17. Bf1 f4 18. exf4 Bf5 19. Bd3 Bxd3 20. Qxd3 Rad8 21.
Qe2 Rfe8 22. Bc3 Rxd1+ 23. Rxd1 exf4 24. Qf3 Bxc3 25. Qxc3 Qe6 26. Rd4 fxg3 27.
hxg3 Qe1+ 1/2-1/2

[Event "XVII M.F.Sz.Dobczyce Gr.A"]
[Site "Dobczyce"]
[Date "2009.07.22"]
[Round "5.5"]
[White "Guzik, Jolanta"]
[Black "Lach, Aleksandra"]
[Result "0-1"]
[WhiteElo "2113"]
[BlackElo "2069"]
[PlyCount "78"]
[EventDate "2009.??.??"]

1. c4 f5 2. Nc3 Nf6 3. g3 g6 4. Bg2 Bg7 5. e3 O-O 6. Nge2 e5 7. d4 d6 8. b4 c6
9. Rb1 Qe7 10. b5 c5 11. dxc5 dxc5 12. Nd5 Nxd5 13. Qxd5+ Kh8 14. Ba3 Nd7 15.
Rd1 Rb8 16. O-O b6 17. Bb2 e4 18. Bxg7+ Kxg7 19. Qd2 Ne5 20. Qc3 Qf6 21. Rd5
Nf7 22. Qa3 Be6 23. Nf4 Bxd5 24. Nxd5 Qd6 25. Qxa7 Rfd8 26. Qa3 Ne5 27. Qc3 Kf7
28. Rd1 Ra8 29. a3 g5 30. h3 h5 31. Bf1 h4 32. Be2 Nf3+ 33. Kg2 g4 34. Nf4 Qxd1
35. Bxd1 Rxd1 36. Ne2 Rad8 37. gxh4 gxh3+ 38. Kxh3 Rh1+ 39. Kg2 Rh2+ 0-1

[Event "XVII M.F.Sz.Dobczyce Gr.A"]
[Site "Dobczyce"]
[Date "2009.07.22"]
[Round "5.6"]
[White "Klementys, Jerzy"]
[Black "Jagodzinski, Waldemar"]
[Result "1/2-1/2"]
[WhiteElo "1836"]
[BlackElo "2096"]
[PlyCount "96"]
[EventDate "2009.??.??"]

1. d4 Nf6 2. c4 c5 3. d5 e6 4. Nc3 exd5 5. cxd5 d6 6. e4 g6 7. Bd3 Bg7 8. Nf3
O-O 9. h3 a6 10. a4 Qc7 11. O-O Re8 12. Re1 b6 13. Bg5 h6 14. Bf4 Nh5 15. Be3
Nd7 16. Rc1 Rb8 17. Qe2 Ra8 18. Qd2 Kh7 19. b3 Nf8 20. Bb1 Qb7 21. Qe2 Bd7 22.
Bd3 Nf6 23. Nd2 Reb8 24. f4 Re8 25. Nf3 Ra7 26. Qf1 Raa8 27. Bd2 Ra7 28. Rcd1
b5 29. axb5 axb5 30. Bxb5 Bxb5 31. Qxb5 Rb8 32. Qxb7 Raxb7 33. e5 Ne8 34. Ne4
Rxb3 35. exd6 R3b6 36. Be3 Nxd6 37. Bxc5 Nxe4 38. Bxb6 Nc3 39. Bc7 Rc8 40. d6
Nxd1 41. Rxd1 Ne6 42. Bb6 Rb8 43. Bd4 Bxd4+ 44. Nxd4 Nxd4 45. Rxd4 Rd8 46. Kf2
Kg7 47. Ke3 Kf6 48. Ke4 Ke6 1/2-1/2

[Event "XVII M.F.Sz.Dobczyce Gr.A"]
[Site "Dobczyce"]
[Date "2009.07.22"]
[Round "5.7"]
[White "Sleczka, Bartosz"]
[Black "Kudas, Damian"]
[Result "0-1"]
[WhiteElo "1835"]
[BlackElo "2047"]
[PlyCount "69"]
[EventDate "2009.??.??"]

1. e4 c5 2. Nf3 Nc6 3. d4 cxd4 4. Nxd4 Nf6 5. Nc3 e5 6. Ndb5 d6 7. Bg5 a6 8.
Na3 b5 9. Nd5 Be7 10. Bxf6 Bxf6 11. c3 Bg5 12. Be2 O-O 13. O-O Kh8 14. Nc2 Rb8
15. Nce3 Bxe3 16. fxe3 Qg5 17. Bf3 Be6 18. Kh1 Rfc8 19. Qd3 a5 20. Rac1 h6 21.
b3 Ne7 22. Rfd1 Nxd5 23. exd5 Bd7 24. e4 Rc5 25. Re1 Kg8 26. Rc2 Rbc8 27. Rec1
Qf4 28. Rf1 f5 29. g3 Qg5 30. Bg2 g6 31. c4 Rf8 32. Rcf2 bxc4 33. bxc4 f4 34.
gxf4 exf4 35. Qd2 0-1

[Event "XVII M.F.Sz.Dobczyce Gr.A"]
[Site "Dobczyce"]
[Date "2009.07.22"]
[Round "5.9"]
[White "Siedlinski, Piotr"]
[Black "Bes, Michal"]
[Result "1-0"]
[WhiteElo "1922"]
[BlackElo "1983"]
[PlyCount "53"]
[EventDate "2009.??.??"]

1. e4 Nf6 2. Nc3 d5 3. e5 Ne4 4. d4 Nxc3 5. bxc3 c5 6. Nf3 Nc6 7. h3 g6 8. Be3
Bg7 9. Qd2 O-O 10. Bh6 Qa5 11. Bxg7 Kxg7 12. Bd3 f6 13. Rd1 fxe5 14. dxe5 Rxf3
15. gxf3 Nxe5 16. Be2 Be6 17. f4 Nd7 18. Bg4 Bxg4 19. hxg4 Nf6 20. f3 Qxa2 21.
f5 Rg8 22. Qe3 Kf8 23. g5 d4 24. cxd4 Nd5 25. Qe6 Qa5+ 26. Kf2 Nf4 27. Qe5 1-0

[Event "XVII M.F.Sz.Dobczyce Gr.A"]
[Site "Dobczyce"]
[Date "2009.07.22"]
[Round "5.10"]
[White "Sowinski, Lukasz"]
[Black "Labus, Zbigniew"]
[Result "0-1"]
[WhiteElo "1886"]
[BlackElo "1943"]
[PlyCount "51"]
[EventDate "2009.??.??"]

1. e4 e5 2. Nf3 Nc6 3. Nc3 Nf6 4. d4 exd4 5. Nxd4 Bb4 6. Nxc6 bxc6 7. Bd3 d5 8.
O-O Bxc3 9. bxc3 dxe4 10. Qe2 O-O 11. Bxe4 Re8 12. f3 Qd6 13. Qf2 Ba6 14. Re1
Nxe4 15. fxe4 f6 16. Bf4 Qa3 17. Qg3 Rad8 18. Kh1 Qb2 19. Bxc7 Rd2 20. e5 f5
21. Qf3 Qb7 22. Bd6 Bb5 23. Qxf5 c5 24. Qg5 Rxg2 25. Qxg2 Bc6 26. Re4 0-1

[Event "XVII M.F.Sz.Dobczyce Gr.A"]
[Site "Dobczyce"]
[Date "2009.07.22"]
[Round "5.11"]
[White "Gabrys, Sebastian"]
[Black "Skwarnicki, Adam"]
[Result "0-1"]
[WhiteElo "1877"]
[BlackElo "2020"]
[PlyCount "30"]
[EventDate "2009.??.??"]

1. e4 e6 2. d4 d5 3. exd5 exd5 4. c4 Nc6 5. Be3 Bb4+ 6. Nc3 Nf6 7. Bd3 O-O 8.
Nge2 dxc4 9. Bxc4 Bf5 10. O-O Ng4 11. a3 Bd6 12. h3 Qh4 13. Nf4 g5 14. hxg4
gxf4 15. gxf5 f3 0-1

[Event "XVII M.F.Sz.Dobczyce Gr.A"]
[Site "Dobczyce"]
[Date "2009.07.23"]
[Round "6.1"]
[White "Stachanczyk, Jacek"]
[Black "Kuziola, Mateusz"]
[Result "0-1"]
[WhiteElo "2205"]
[BlackElo "2327"]
[PlyCount "48"]
[EventDate "2009.??.??"]

1. e4 c5 2. Nc3 Nc6 3. Nge2 e5 4. g3 d6 5. Bg2 g6 6. d3 Bg7 7. Be3 Nge7 8. Qd2
Nd4 9. h3 O-O 10. O-O Bxh3 11. Bg5 f6 12. Be3 Qd7 13. Bxd4 Bxg2 14. Kxg2 cxd4
15. Nd1 d5 16. c3 dxe4 17. cxd4 exd4 18. dxe4 f5 19. exf5 Nxf5 20. Qd3 Qf7 21.
b3 Rae8 22. Rc1 Bh6 23. Rc4 Ne3+ 24. Nxe3 Rxe3 0-1

[Event "XVII M.F.Sz.Dobczyce Gr.A"]
[Site "Dobczyce"]
[Date "2009.07.23"]
[Round "6.2"]
[White "Lach, Piotr"]
[Black "Grabarczyk, Bogdan"]
[Result "1/2-1/2"]
[WhiteElo "2148"]
[BlackElo "2445"]
[PlyCount "103"]
[EventDate "2009.??.??"]

1. e4 c5 2. Nf3 e6 3. d4 cxd4 4. Nxd4 a6 5. Bd3 Nc6 6. Nxc6 bxc6 7. O-O d5 8.
Qe2 Nf6 9. Nd2 Be7 10. b3 O-O 11. Bb2 a5 12. a4 Qb6 13. Kh1 Ba6 14. exd5 Bxd3
15. Qxd3 cxd5 16. Rae1 Rac8 17. Bd4 Bc5 18. c3 Bxd4 19. cxd4 Rc6 20. Rc1 Rfc8
21. Rxc6 Qxc6 22. Nf3 Ne4 23. Kg1 Qb6 24. Qb5 Qxb5 25. axb5 Rb8 26. Ne5 f6 27.
Nc6 Rxb5 28. Ra1 Rxb3 29. f3 Nc3 30. Rxa5 h5 31. Ra8+ Kh7 32. Re8 Ne2+ 33. Kf1
Nf4 34. g3 Rxf3+ 35. Ke1 Re3+ 36. Kf2 Rc3 37. Nd8 Nd3+ 38. Ke2 e5 39. dxe5 Nxe5
40. Ne6 Rc2+ 41. Ke3 Rxh2 42. Re7 d4+ 43. Nxd4 Ng4+ 44. Kd3 Nh6 45. Ke4 h4 46.
Ne6 h3 47. Rxg7+ Kh8 48. Rg6 Ng8 49. Kf3 Rh1 50. Rg4 Ne7 51. Rh4+ Kg8 52. Nf4
1/2-1/2

[Event "XVII M.F.Sz.Dobczyce Gr.A"]
[Site "Dobczyce"]
[Date "2009.07.23"]
[Round "6.3"]
[White "Lach, Aleksandra"]
[Black "Wypych, Dominik"]
[Result "1/2-1/2"]
[WhiteElo "2069"]
[BlackElo "2063"]
[PlyCount "62"]
[EventDate "2009.??.??"]

1. e4 e6 2. d4 d5 3. Nd2 Nf6 4. e5 Nfd7 5. c3 c5 6. f4 Nc6 7. Ndf3 f5 8. a3 a5
9. b3 cxd4 10. cxd4 Nb6 11. h4 h5 12. Nh3 Bd7 13. Nf2 a4 14. b4 Na7 15. Bb2 Be7
16. Ng5 g6 17. Rc1 Rc8 18. Rh3 Kf8 19. Rhc3 Rxc3 20. Rxc3 Kg7 21. Be2 Qb8 22.
Rg3 Qc8 23. Rd3 Qb8 24. Nfh3 Rc8 25. Rg3 Rh8 26. Rc3 Rc8 27. Rg3 Rh8 28. Kf2
Qe8 29. Qc2 Qc8 30. Rc3 Qb8 31. Rg3 Qc8 1/2-1/2

[Event "XVII M.F.Sz.Dobczyce Gr.A"]
[Site "Dobczyce"]
[Date "2009.07.23"]
[Round "6.4"]
[White "Watorek, Marcin"]
[Black "Platek, Michal"]
[Result "1-0"]
[WhiteElo "2115"]
[BlackElo "1942"]
[PlyCount "89"]
[EventDate "2009.??.??"]

1. d4 Nf6 2. Nf3 d5 3. c4 c6 4. Nc3 a6 5. a4 g6 6. Bf4 Bg7 7. e3 Nbd7 8. Qb3 e6
9. Bd6 Qb6 10. Qa3 Bf8 11. Bxf8 Nxf8 12. Bd3 Qc7 13. Ne5 Qe7 14. Qb3 N8d7 15.
f4 dxc4 16. Bxc4 Nd5 17. Kf2 Nxe5 18. dxe5 Nxc3 19. Qxc3 O-O 20. Rhd1 Rd8 21.
Rd2 Rxd2+ 22. Qxd2 Qd7 23. Qb4 a5 24. Qb6 Qd2+ 25. Be2 Qb4 26. Qd8+ Qf8 27. Qc7
b5 28. Qxc6 Rb8 29. axb5 Bb7 30. Qc7 Bd5 31. Qd6 Rc8 32. Qxf8+ Kxf8 33. Bd3 Ra8
34. e4 Bb3 35. Rc1 Rb8 36. Rc6 Ba4 37. Rc5 h6 38. Ke3 Rb6 39. Kd4 g5 40. f5 h5
41. Rc8+ Kg7 42. Kc5 Rb7 43. b6 Rd7 44. Bc4 Rd2 45. b7 1-0

[Event "XVII M.F.Sz.Dobczyce Gr.A"]
[Site "?"]
[Date "2009.07.23"]
[Round "6.5"]
[White "Duda, Jan-Krzysztof"]
[Black "Zurek, Jacek"]
[Result "1-0"]
[WhiteElo "2086"]
[BlackElo "2000"]
[PlyCount "53"]
[EventDate "2009.??.??"]

1. e4 c6 2. d4 d5 3. Nc3 dxe4 4. Nxe4 Nf6 5. Nxf6+ gxf6 6. Nf3 Bg4 7. Be2 Qc7
8. Be3 Nd7 9. Nh4 Bxe2 10. Qxe2 e6 11. O-O O-O-O 12. c4 Bd6 13. g3 c5 14. Rab1
f5 15. b4 b6 16. bxc5 bxc5 17. Qf3 f4 18. dxc5 Nxc5 19. Bxc5 Bxc5 20. Qa8+ Kd7
21. Qe4 Ke8 22. Rb7 Qd6 23. Nf5 Qa6 24. Ng7+ Kf8 25. Qxf4 Qxb7 26. Nxe6+ Ke7
27. Nxc5 1-0

[Event "XVII M.F.Sz.Dobczyce Gr.A"]
[Site "Dobczyce"]
[Date "2009.07.23"]
[Round "6.6"]
[White "Labus, Zbigniew"]
[Black "Kudas, Damian"]
[Result "0-1"]
[WhiteElo "1943"]
[BlackElo "2047"]
[PlyCount "106"]
[EventDate "2009.??.??"]

1. c4 Nf6 2. Nc3 c6 3. d4 d5 4. Nf3 e6 5. Bg5 Nbd7 6. e3 Qa5 7. Bxf6 Nxf6 8.
Bd3 Bb4 9. Qc2 c5 10. O-O Bxc3 11. bxc3 dxc4 12. Bxc4 O-O 13. Rfb1 Qc7 14. Ne5
b6 15. Rc1 Bb7 16. Qe2 Rfd8 17. Ba6 Rac8 18. Bxb7 Qxb7 19. a4 Qc7 20. Qb2 Rb8
21. Qb5 Rdc8 22. Nd3 Ne4 23. f3 Nd6 24. Qb2 Nc4 25. Qe2 Na5 26. Rab1 c4 27. Nb4
Qd7 28. Qa2 Nb3 29. Rd1 a5 30. Nd3 b5 31. Ne5 Qe8 32. axb5 Qxb5 33. Qa3 f6 34.
Ng4 a4 35. Rb2 Rb7 36. Rdb1 Ra8 37. Nf2 f5 38. Nh3 Qd7 39. f4 Qe7 40. Ra2 h6
41. g3 Kf7 42. Qxe7+ Kxe7 43. Ra3 Kd6 44. Kf2 Kc6 45. Ke1 Nxd4 46. Rxb7 Nc2+
47. Kd2 Nxa3 48. Rb4 Kc5 49. Kc1 Nb5 50. Kc2 a3 51. Rb1 a2 52. Ra1 Ra3 53. Kb2
Rb3+ 0-1

[Event "XVII M.F.Sz.Dobczyce Gr.A"]
[Site "Dobczyce"]
[Date "2009.07.23"]
[Round "6.7"]
[White "Guzik, Jolanta"]
[Black "Klementys, Jerzy"]
[Result "1-0"]
[WhiteElo "2113"]
[BlackElo "1836"]
[PlyCount "79"]
[EventDate "2009.??.??"]

1. c4 e5 2. Nc3 Nc6 3. g3 g6 4. Bg2 Bg7 5. e3 d6 6. Nge2 f5 7. d3 Nf6 8. Rb1 a5
9. a3 O-O 10. b4 axb4 11. axb4 Rb8 12. Nd5 Ne7 13. b5 Be6 14. Nxe7+ Qxe7 15.
Qb3 Qf7 16. O-O e4 17. Nf4 exd3 18. Nxe6 Qxe6 19. Qxd3 Kh8 20. Bb2 Ne4 21.
Bxg7+ Kxg7 22. Ra1 Ra8 23. Qd4+ Qf6 24. Bxe4 Qxd4 25. exd4 Rxa1 26. Rxa1 fxe4
27. Ra7 Rb8 28. Kf1 Kf6 29. Ke2 Ke6 30. Ke3 d5 31. c5 Kd7 32. Rxb7 Rxb7 33. c6+
Kc8 34. cxb7+ Kxb7 35. Kf4 Kb6 36. Ke5 c6 37. bxc6 Kxc6 38. Ke6 g5 39. g4 h6
40. h3 1-0

[Event "XVII M.F.Sz.Dobczyce Gr.A"]
[Site "Dobczyce"]
[Date "2009.07.23"]
[Round "6.8"]
[White "Jagodzinski, Waldemar"]
[Black "Siedlinski, Piotr"]
[Result "0-1"]
[WhiteElo "2096"]
[BlackElo "1922"]
[PlyCount "84"]
[EventDate "2009.??.??"]

1. d4 d5 2. Nf3 e6 3. c4 c6 4. Nbd2 f5 5. g3 Nf6 6. Bg2 Bd6 7. O-O O-O 8. b3
Bd7 9. Bb2 Be8 10. Ne5 Nbd7 11. Ndf3 Bh5 12. Qc2 Ng4 13. e3 Ngxe5 14. Nxe5 Nxe5
15. dxe5 Be7 16. Bd4 Qd7 17. f3 b6 18. Rfd1 g5 19. Rd2 f4 20. exf4 gxf4 21. g4
Bg6 22. Qb2 c5 23. Bf2 d4 24. h4 h6 25. Bf1 Qd8 26. h5 Bh7 27. Bd3 Bxd3 28.
Rxd3 Bh4 29. Kg2 Bxf2 30. Qxf2 Qg5 31. Re1 Qg7 32. Qe2 Qh7 33. Kh3 Rf7 34. b4
Kh8 35. Qd2 Rg8 36. Rb3 Rf5 37. Kg2 Rxh5 38. Rbb1 Qf5 39. Rg1 Rxg4+ 40. fxg4
Qxg4+ 41. Kf1 Qf3+ 42. Ke1 Rxe5+ 0-1

[Event "XVII M.F.Sz.Dobczyce Gr.A"]
[Site "Dobczyce"]
[Date "2009.07.23"]
[Round "6.9"]
[White "Skwarnicki, Adam"]
[Black "Zaboklicki, Zbigniew"]
[Result "0-1"]
[WhiteElo "2020"]
[BlackElo "1891"]
[PlyCount "133"]
[EventDate "2009.??.??"]

1. d4 d5 2. Nf3 Nf6 3. c4 c6 4. g3 Bg4 5. Bg2 e6 6. Ne5 Bf5 7. O-O Be7 8. Nc3
O-O 9. f3 c5 10. g4 cxd4 11. Qxd4 Nbd7 12. Nxd7 Nxd7 13. Qd1 d4 14. Nb5 Bg6 15.
Nxd4 Bc5 16. e3 e5 17. Nb3 Bb6 18. Qd6 Nc5 19. Qxd8 Raxd8 20. Nxc5 Bxc5 21. b3
Rd3 22. Re1 Bb4 23. Re2 Rd1+ 24. Kf2 Bd3 25. a3 Bc3 26. Bb2 Rxa1 27. Bxc3 Bxe2
28. Bxa1 Bd1 29. b4 e4 30. f4 Bc2 31. Bd4 a6 32. f5 f6 33. Kg3 Re8 34. Bf1 Bd3
35. Bxd3 exd3 36. Kf2 Re4 37. h3 h5 38. a4 hxg4 39. hxg4 Rxg4 40. b5 axb5 41.
axb5 Rg2+ 42. Ke1 Rc2 43. c5 Kf7 44. c6 bxc6 45. b6 Rc1+ 46. Kd2 Rb1 47. Kxd3
Ke7 48. Bc5+ Kd7 49. Kd4 Kc8 50. Bf8 Rg1 51. e4 Kb7 52. Bc5 Rd1+ 53. Ke3 Ka6
54. Kf4 Rc1 55. Bf8 Rf1+ 56. Ke3 Rg1 57. Bc5 Rd1 58. Kf4 Rd7 59. e5 fxe5+ 60.
Ke4 Kb5 61. Be3 c5 62. Bf2 Kxb6 63. Kxe5 Kb5 64. Ke6 Rd2 65. Bg3 Rg2 66. Bf4 c4
67. Bc1 0-1